Report on manuring experiments (Record no. 24493)
[ view plain ]
| 000 -LEADER | |
|---|---|
| fixed length control field | 00273nam a2200109Ia 4500 |
| 082 ## - DEWEY DECIMAL CLASSIFICATION NUMBER | |
| Classification number | NR:04 |
| Item number | RRC.13 |
| 245 #0 - TITLE STATEMENT | |
| Title | Report on manuring experiments |
| 260 ## - PUBLICATION, DISTRIBUTION, ETC. (IMPRINT) | |
| Place of publication | Thailand |
| Name of publisher | RRC |
| Year of publication | 1970 |
| 490 ## - SERIES STATEMENT | |
| Series statement | RRC report 13/70 |
| 942 ## - ADDED ENTRY ELEMENTS (KOHA) | |
| Koha item type | Books |
| Withdrawn status | Lost status | Damaged status | Not for loan | Home library | Current library | Date acquired | Full call number | Accession Number | Koha item type |
|---|---|---|---|---|---|---|---|---|---|
| RRII Library | RRII Library | 16/12/2021 | NR:04 RRC.13 | 05174 | Books |